| 000 | 00882nmc a2200337 a 4500 | ||
|---|---|---|---|
| 003 | AR-BaBNM | ||
| 005 | 20251128211552.0 | ||
| 008 | 034120s1983 ||||||||||||||000 | spa|| | ||
| 020 | _a84-245-0372-4 | ||
| 040 | _cAR-BaBNM | ||
| 100 | 1 | _aZavattini, Cesare | |
| 245 | 1 | 0 | _aMilagro en Milán y otros cuentos |
| 260 |
_aMadrid _bFundamentos _c1983 |
||
| 300 | _a172 p. | ||
| 490 | 0 |
_aColección Espiral _vv. 77 |
|
| 650 | 4 | _aLITERATURA ITALIANA | |
| 650 | 4 | _aLITERATURA CONTEMPORANEA | |
| 650 | 4 | _aCUENTOS | |
| 653 | _aNEORREALISMO | ||
| 655 | _aLITERATURA | ||
| 700 | 1 |
_aIbarrola, Alonso _eprologuista |
|
| 740 | 0 | _aEl amor | |
| 740 | 0 | _aUn juego divertido | |
| 740 | 0 | _aCine en casa | |
| 740 | 0 | _aCuento de Navidad | |
| 740 | 0 | _aCarta de Cuba a una mujer infiel | |
| 740 | 0 | _aTotó el Bueno | |
| 800 | 1 | _aRíos, Julián | |
| 942 | _cBK | ||
| 998 | _cmartin | ||
| 999 |
_c20229 _d20229 |
||